000
00283nam a2200109Ia 4500
008
190216s9999||||xx |||||||||||||| ||und||
100
_a
Swamy Nathan & Geoffery K Francies
245
0
_a
Business Organisation
260
_b
Sulthan Chand&Sons
_c
1972
300
_a
157+51
942
_c
BK
999
_c
4752
_d
4752